|
|
|
|
| LEADER |
00000nam0a2200000 4500 |
| 001 |
164704 |
| 005 |
20231031161431.0 |
| 010 |
|
|
|a 5247021541
|
| 020 |
|
|
|a RU
|b 92-11943
|
| 035 |
|
|
|a (RuTPU)RU\TPU\book\178679
|
| 090 |
|
|
|a 164704
|
| 100 |
|
|
|a 20090909d1992 m a0rusy5003 ca
|
| 101 |
0 |
|
|a rus
|
| 102 |
|
|
|a RU
|
| 105 |
|
|
|a a z 001zy
|
| 200 |
1 |
|
|a Газоконденсатоотдача пластов
|f Р. М. Кондрат
|
| 210 |
|
|
|a Москва
|c Недра
|d 1992
|
| 215 |
|
|
|a 255 с.
|c ил.
|d 20 см
|
| 320 |
|
|
|a Библиогр.: с. 249-254. (98 назв.)
|
| 610 |
1 |
|
|a газовые пласты
|
| 610 |
1 |
|
|a газоконденсаты
|
| 610 |
1 |
|
|a заводнение
|
| 610 |
1 |
|
|a добыча
|
| 610 |
1 |
|
|a природный газ
|
| 610 |
1 |
|
|a месторождения
|
| 675 |
|
|
|a 622.279.3
|z rus
|
| 700 |
|
1 |
|a Кондрат
|b Р. М.
|g Роман Михайлович
|4 070
|
| 801 |
|
0 |
|a RU
|b RuMRKP
|c 19950417
|g psbo
|
| 801 |
|
1 |
|a RU
|b 63413507
|c 20090909
|
| 801 |
|
2 |
|a RU
|b 63413507
|c 20100625
|g RCR
|
| 942 |
|
|
|c BK
|